000 00216 a2200097 4500
001 58593
100 _a
245 _aBoundry Element methods in solid mechanics
260 _aG.B
_bUnwin
_c1990
090 _c35947
_d35947
942 _aNUST-CAE
_c
_c28832
999 _c293666
_d293666